| 000 | 00882nam0a22003011 4500 | ||
|---|---|---|---|
| 001 | 2580202 | ||
| 005 | 20250622230553.0 | ||
| 021 |
_aRU _b79-20655 |
||
| 035 | _a(NLR Aleph) 006463135 | ||
| 090 |
_a5857194 _c5857194 |
||
| 100 | _a20110316d1978 |||y0rusy50 ca | ||
| 101 | 0 | _arus | |
| 102 | _aRU | ||
| 105 | _aa z ||||| | ||
| 200 | 1 | _aКомпрессоры газотурбинных двигателей | |
| 210 |
_aКиев _cБ. и. _d1978 |
||
| 215 |
_a76 с. _cил. _d20 |
||
| 300 | _aВ надзаг.: Киев. высш. воен. авиац. инж. уч-ще | ||
| 320 | _aБиблиогр.: с. 75 | ||
| 333 | _aБесплатно | ||
| 686 |
_aЦ651.11-927.2,0 _2rubbk |
||
| 700 | 1 |
_aОрлов _bП.В. |
|
| 801 | 0 |
_aRU _bNLR _gpsbo |
|
| 801 | 1 |
_aRU _bELAR _2rusmarc |
|
| 852 |
_aNLR _jDesideratum |
||
| 899 |
_aRuMoRGB _jВО 708/207 |
||
| 942 | _cBOOK | ||
| 980 | _aNB | ||